000 00525nam a2200217Ia 4500
003 OSt
005 20220928144102.0
006 a|||||r|||| 00| 0
007 ta
008 220927b |||||||| |||| 00| 0 eng d
024 _a24192
037 _cTextual
040 _aSDCL
_cSDCL
_beng
041 _2eng
_aeng
082 _aO15,1H50,1, M2
100 _aMallachraya
_9506848
245 0 _aUdaar raghvam.
260 _c1982
942 _hO15,1H50,1, M2
_cTEXL
_2CC
999 _c826107
_d826107